[Event "CRO-ch U13"]
[Site "Trogir"]
[Date "2022.06.26"]
[Round "7"]
[White "Mandaric, Duje"]
[Black "Poljan, Max"]
[Result "0-1"]
[WhiteElo "1333"]
[BlackElo "1650"]
[PlyCount "120"]
[EventDate "2022.06.22"]
[EventType "swiss"]
[EventRounds "9"]
[EventCountry "CRO"]
[SourceTitle "CBM 209 Extra"]
[Source "ChessBase"]
[SourceDate "2022.09.30"]
[SourceVersion "1"]
[SourceVersionDate "2022.09.30"]
[SourceQuality "1"]

1. e4 c5 2. c3 Nf6 3. e5 Nd5 4. d4 cxd4 5. cxd4 e6 6. f4 d6 7. Nf3 dxe5 8. dxe5 Qb6 9. Qb3 Bb4+ 10. Nc3 Nc6 11. Bd2 Nd4 12. Nxd5 Nxf3+ 13. gxf3 Bxd2+ 14. Kxd2 exd5 15. Qxb6 axb6 16. Bd3 Bd7 17. b3 Ra3 18. Rhg1 g6 19. Ke3 Ke7 20. h4 Rha8 21. Rg2 Rxb3 22. axb3 Rxa1 23. h5 Ra3 24. hxg6 hxg6 25. Rb2 Ra1 26. Kd2 Rh1 27. Ke3 Rh4 28. Rc2 Bc6 29. Rf2 d4+ 30. Kxd4 Rxf4+ 31. Ke3 Rb4 32. Rb2 Bd5 33. Bc2 g5 34. Bd1 Ke6 35. Re2 Kxe5 36. Kd3+ Kd6 37. Kc3 Rf4 38. Rd2 Kc6 39. Rd3 f5 40. Re3 g4 41. fxg4 fxg4 42. Rg3 Bf3 43. Bc2 Kd5 44. Kd2 Kd4 45. Bg6 Ke5 46. Ke3 Rb4 47. Bc2 Kf6 48. Rg1 Kg5 49. Rg3 Kh4 50. Rg1 Kh3 51. Kf2 Kh2 52. Re1 Rf4 53. Ke3 Rf6 54. Rf1 g3 55. Be4 g2 56. Rf2 Bxe4 57. Rxf6 g1Q+ 58. Kxe4 Qb1+ 59. Ke3 Qxb3+ 60. Ke2 Qb2+ 0-1

[Event "CRO-ch U13"]
[Site "Trogir"]
[Date "2022.06.25"]
[Round "6"]
[White "Mandaric, Duje"]
[Black "Gasparovic, Roko"]
[Result "1-0"]
[WhiteElo "1333"]
[BlackElo "1696"]
[PlyCount "65"]
[EventDate "2022.06.22"]
[EventType "swiss"]
[EventRounds "9"]
[EventCountry "CRO"]
[SourceTitle "CBM 209 Extra"]
[Source "ChessBase"]
[SourceDate "2022.09.30"]
[SourceVersion "1"]
[SourceVersionDate "2022.09.30"]
[SourceQuality "1"]

1. e4 c5 2. c3 d5 3. exd5 Qxd5 4. d4 cxd4 5. cxd4 Nc6 6. Nf3 Bg4 7. Be2 0-0-0 8. Be3 e6 9. 0-0 Bd6 10. Ng5 Bxe2 11. Qxe2 Nh6 12. Nf3 Nf5 13. Nc3 Qa5 14. Rfd1 f6 15. g3 Qc7 16. Nb5 Qf7 17. Nxd6+ Rxd6 18. Rac1 g5 19. Qc4 h5 20. Nd2 Kb8 21. Ne4 Rdd8 22. Nc5 Rd6 23. Ne4 Rd5 24. Nc3 Rd7 25. d5 Nxe3 26. fxe3 exd5 27. Nxd5 Rhd8 28. e4 Ne7 29. b3 Nxd5 30. exd5 Rxd5 31. Rxd5 Qxd5 32. Qc7+ Ka8 33. Qc8+ 1-0

[Event "CRO-chT U16"]
[Site "Crikvenica"]
[Date "2021.12.18"]
[Round "1.4"]
[White "Mandaric, Duje"]
[Black "Ivancic, Ivan"]
[Result "1/2-1/2"]
[WhiteElo "1275"]
[BlackElo "1167"]
[PlyCount "80"]
[EventDate "2021.12.18"]
[EventType "team-tourn"]
[EventRounds "7"]
[EventCountry "CRO"]
[SourceTitle "CBM 206 Extra"]
[Source "ChessBase"]
[SourceDate "2022.03.31"]
[SourceVersion "1"]
[SourceVersionDate "2022.03.31"]
[SourceQuality "1"]
[WhiteTeam "Strizivojna Amater"]
[BlackTeam "Crikvenica"]
[WhiteTeamCountry "CRO"]
[BlackTeamCountry "CRO"]

1. e4 c5 2. c3 Nf6 3. e5 Nd5 4. d4 cxd4 5. cxd4 Nc6 6. Nc3 Nxc3 7. bxc3 e6 8. Nf3 Be7 9. Bd3 d6 10. 0-0 dxe5 11. dxe5 Qa5 12. Qe1 0-0 13. Bf4 Rd8 14. Qe4 g6 15. Rfc1 Qd5 16. Qxd5 exd5 17. Nd4 Bc5 18. Be3 Nxe5 19. Rd1 Bg4 20. Rd2 Rac8 21. h3 Bxd4 22. Bxd4 Nxd3 23. Rxd3 Bf5 24. Re3 b6 25. Rae1 Bd7 26. Bf6 Re8 27. Rxe8+ Rxe8 28. Rxe8+ Bxe8 29. Be5 Kf8 30. Bd6+ Kg7 31. Bb8 a6 32. f4 f6 33. Kf2 Kf7 34. Ke3 h5 35. Bc7 b5 36. h4 Ke6 37. a3 Kd7 38. Ba5 Kc6 39. Kd4 Kd6 40. g3 Bf7 1/2-1/2

[Event "CRO-ch U11"]
[Site "Trogir"]
[Date "2021.06.22"]
[Round "6"]
[White "Kaselic, Noa"]
[Black "Mandaric, Duje"]
[Result "0-1"]
[WhiteElo "1289"]
[BlackElo "1166"]
[PlyCount "54"]
[EventDate "2021.06.19"]
[EventType "swiss"]
[EventRounds "9"]
[EventCountry "CRO"]
[SourceTitle "EXT 2022"]
[Source "ChessBase"]
[SourceDate "2021.10.06"]
[SourceVersion "1"]
[SourceVersionDate "2021.10.06"]
[SourceQuality "1"]

1. e4 c6 2. d4 d5 3. exd5 cxd5 4. Bd3 Nc6 5. Nf3 Bg4 6. Be3 Nf6 7. Nbd2 e6 8. h3 Bh5 9. 0-0 Bd6 10. Be2 0-0 11. Rc1 Rc8 12. Re1 Bb8 13. g3 Qc7 14. Bf4 Qd7 15. Bxb8 Rxb8 16. Nb3 Rfe8 17. Ne5 Nxe5 18. dxe5 Bxe2 19. Qxe2 Ne4 20. Qg4 Rbc8 21. f3 Nc5 22. Nxc5 Rxc5 23. b3 Qc6 24. Re3 Rxc2 25. Rxc2 Qxc2 26. Qa4 Rc8 27. Qd7 Qd1+ 0-1

[Event "CRO-ch U11"]
[Site "Trogir"]
[Date "2020.08.24"]
[Round "2"]
[White "Petrus, Adrian"]
[Black "Mandaric, Duje"]
[Result "1-0"]
[WhiteElo "1336"]
[BlackElo "1033"]
[PlyCount "77"]
[EventDate "2020.08.24"]
[EventType "swiss"]
[EventRounds "9"]
[EventCountry "CRO"]
[SourceTitle "CBM 198 Extra"]
[Source "ChessBase"]
[SourceDate "2020.11.30"]
[SourceVersion "1"]
[SourceVersionDate "2020.11.30"]
[SourceQuality "1"]

1. e4 c6 2. d4 d5 3. f3 Nf6 4. Nc3 e6 5. Bg5 Bb4 6. Qd3 Be7 7. 0-0-0 0-0 8. Kb1 h6 9. Bh4 Nbd7 10. e5 Nh7 11. Bxe7 Qxe7 12. Nge2 c5 13. g4 cxd4 14. Qxd4 Qg5 15. f4 Qxg4 16. Qf2 f6 17. Rg1 Qh5 18. exf6 Nhxf6 19. Qg2 Qf7 20. Nd4 Nb6 21. Ncb5 Rd8 22. Nf3 Nh5 23. Rd4 a6 24. Nc3 Qf6 25. Rb4 Rd6 26. Qg4 Qf5 27. Qh4 Qf7 28. Rxb6 Rxb6 29. Qd8+ Kh7 30. Bd3+ g6 31. Bxg6+ Qxg6 32. Rxg6 Kxg6 33. Qxb6 Nxf4 34. Qc7 Nh5 35. h4 Nf6 36. Ne2 Bd7 37. Ne5+ Kh5 38. Nxd7 Nxd7 39. Qxd7 1-0